| 000 -CABECERA |
| Longitud fija campo de control |
00816cam a2200253 a 4500 |
| 001 - NÚMERO DE CONTROL |
| Número de control |
15424674 |
| 003 - IDENTIFICADOR DEL NÚMERO DE CONTROL |
| Identificador del número de control |
OSt |
| 005 - FECHA Y HORA DE LA ÚLTIMA TRANSACCIÓN |
| Fecha y hora de la última transacción |
20211203140908.0 |
| 008 - CÓDIGOS DE INFORMACIÓN DE LONGITUD FIJA |
| Códigos de información de longitud fija |
080714s2008 ck b 000 0 spa |
| 010 ## - NÚMERO DE CONTROL DE LA BIBLIOTECA DEL CONGRESO |
| Número de control de LC |
2008462255 |
| 020 ## - NÚMERO INTERNACIONAL NORMALIZADO PARA LIBROS |
| Número Internacional Normalizado para Libros (ISBN) |
9789586395670 |
| 035 ## - NÚMERO DE CONTROL DEL SISTEMA |
| Número de control del sistema |
(BO-CbLA)la0806X3379 |
| 040 ## - FUENTE DE LA CATALOGACIÓN |
| Centro catalogador de origen |
DLC |
| Centro transcriptor |
CDMR |
| Lengua de catalogación |
cat |
| 050 00 - SIGNATURA TOPOGRÁFICA DE LA BIBLIOTECA DEL CONGRESO |
| Número de clasificación |
PQ8180.28.E724 |
| Número de documento |
A6 2008 |
| 100 1# - PUNTO DE ACCESO PRINCIPAL-NOMBRE DE PERSONA |
| Nombre de persona |
Restrepo, Javier Darío. |
| 245 13 - MENCIÓN DE TÍTULO |
| Título |
La niebla y la brújula / |
| Mención de responsabilidad, etc. |
Javier Darío Restrepo. |
| 260 ## - PUBLICACIÓN, DISTRIBUCIÓN, ETC. (PIE DE IMPRENTA) |
| Lugar de publicación, distribución, etc. |
[Colombia] : |
| Nombre del editor, distribuidor, etc. |
Debate : |
| -- |
Random House Mondadori, |
| Fecha de publicación, distribución, etc. |
2008. |
| 300 ## - DESCRIPCIÓN FÍSICA |
| Extensión |
315 p. ; |
| Dimensiones |
23 cm. |
| 490 0# - MENCIÓN DE SERIE |
| Mención de serie |
Colección Actualidad |
| 650 #0 - PUNTO DE ACCESO ADICIONAL DE MATERIA - TÉRMINO DE MATERIA |
| 9 (RLIN) |
983 |
| Término de materia o nombre geográfico como elemento inicial |
Ètica periodística |
| Subdivisión geográfica |
Amèrica Llatina |
| 906 ## - ELEMENTO F DATOS LOCALES, FDL (RLIN) |
| a |
7 |
| b |
cbc |
| c |
origres |
| d |
2 |
| e |
ncip |
| f |
20 |
| g |
y-gencatlg |
| 942 ## - ENTRADA DE ELEMENTOS AGREGADOS (KOHA) |
| Fuente de clasificaión o esquema |
|
| Koha [por defecto] tipo de item |
Monografies |